Catalog

Record Details

Catalog Search



This one and magic life  Cover Image Book Book

This one and magic life / Anne Carroll George.

George, Anne. : (author).

Summary:

In the deep South, where love and hatred run deep and close, dissension often summers just beneath the surface.When a family gathers for a funeral as its old homestead above the waters of Mobile Bay, it must carry out the last wish of the aunt and sister whom it has come to mourn. It is a wish that will unearth a terrible secret, one that will either tear her siblings and their offspring apart or allow them to accept buried memories, wounds , and love.

Record details

  • ISBN: 038079540X
  • ISBN: 9780380795406
  • Physical Description: 276 pages ; 21 cm.
  • Edition: First Perennial edition.
  • Publisher: New York : Perennial, 2001, ©1999.
Subject: Artists > Alabama > Mobile > Fiction.
Twins > Fiction.
Families > Southern States > Fiction.
Alabama > Mobile.
Genre: Domestic fiction.
Southern
Historical
Magical Realism

Available copies

  • 2 of 2 copies available at scottsboropl.

Holds

  • 0 current holds with 2 total copies.
Show Only Available Copies
Location Call Number / Copy Notes Barcode Shelving Location Status Due Date
scottsboropl F Geo 32269001065948 Adult - Fiction Available -
scottsboropl F Geo 32269001169922 Storage - Adult Available -

LDR 01312nam a2200349Ia 4500
001147439
003SBPL
00520220830193507.0
008010224t20011999nyu e 000 1 eng d
010 . ‡z 99020896
020 . ‡a038079540X ‡q(pbk.)
020 . ‡a9780380795406 ‡q(pbk.)
035 . ‡a(OCoLC)46320196
05000. ‡aPS3557.E469 ‡bT48 1999
08204. ‡a813.54
1001 . ‡aGeorge, Anne. : ‡eauthor
24510. ‡aThis one and magic life / ‡cAnne Carroll George.
250 . ‡aFirst Perennial edition.
260 . ‡aNew York : ‡bPerennial, ‡c2001, ©1999.
300 . ‡a276 pages ; ‡c21 cm.
336 . ‡atext ‡btxt ‡2rdacontent
337 . ‡aunmediated ‡bn ‡2rdamedia
338 . ‡avolume ‡bnc ‡2rdacarrier
520 . ‡aIn the deep South, where love and hatred run deep and close, dissension often summers just beneath the surface.When a family gathers for a funeral as its old homestead above the waters of Mobile Bay, it must carry out the last wish of the aunt and sister whom it has come to mourn. It is a wish that will unearth a terrible secret, one that will either tear her siblings and their offspring apart or allow them to accept buried memories, wounds , and love.
650 0. ‡aArtists ‡zAlabama ‡zMobile ‡vFiction.
650 0. ‡aTwins ‡vFiction.
650 0. ‡aFamilies ‡zSouthern States ‡vFiction.
651 7. ‡aAlabama ‡zMobile.
655 7. ‡aDomestic fiction. ‡2lcgft
655 7. ‡aSouthern
655 7. ‡aHistorical
655 7. ‡aMagical Realism
901 . ‡a147439 ‡bUnknown ‡c147439 ‡tbiblio

Additional Resources